000 00448nam a2200145Ia 4500
008 230917s9999||||xx |||||||||||||| ||und||
040 _e169930
_aMAIN
041 _aEnglish
082 _a891.431731 LS139G
100 _aलाहिडी़, सुव्रत
245 0 _aजिल्द बन जाने से पहले
260 _aकलकत्ता
_bसम प्रकाशन
_c1991
300 _a68 पृ. p.
942 _cHN
999 _c65117
_d65117